000 00326nam a2200121Ia 4500
008 151213s9999 xx 000 0 und d
245 _aPoverty : World Development Report - 1990
260 _aN.W. USA
_bOxford University Press
_cII
300 _a3012 p.
650 _aReference
650 _aReference Economics
999 _c2099
_d2099